Just a snowman / (Record no. 2455)

MARC details
000 -LEADER
fixed length control field 01143cam a22003133a 4500
001 - CONTROL NUMBER
control field 2455
003 - CONTROL NUMBER IDENTIFIER
control field FISKH
005 - DATE AND TIME OF LATEST TRANSACTION
control field 20250327101928.0
008 - FIXED-LENGTH DATA ELEMENTS--GENERAL INFORMATION
fixed length control field 031124s2004 nyua j 000 1 eng d
010 ## - LIBRARY OF CONGRESS CONTROL NUMBER
LC control number 2003115868
020 ## - INTERNATIONAL STANDARD BOOK NUMBER
International Standard Book Number 006053947X (pbk.)
020 ## - INTERNATIONAL STANDARD BOOK NUMBER
International Standard Book Number 9780060539474
035 ## - SYSTEM CONTROL NUMBER
System control number (OCoLC)ocm56662903
040 ## - CATALOGING SOURCE
Original cataloging agency IMF
Transcribing agency IMF
Modifying agency OCLCQ
-- BAKER
-- DLC
Language of cataloging eng
050 00 - LIBRARY OF CONGRESS CALL NUMBER
Classification number MLCS 2006/43160
082 ## - DEWEY DECIMAL CLASSIFICATION NUMBER
Classification number 489
100 1# - MAIN ENTRY--PERSONAL NAME
Personal name Mayer, Mercer,
Dates associated with a name 1943-
245 10 - TITLE STATEMENT
Title Just a snowman /
Statement of responsibility, etc. by Mercer Mayer.
260 ## - PUBLICATION, DISTRIBUTION, ETC.
Place of publication, distribution, etc. New York :
Name of publisher, distributor, etc. HarperFestival,
Date of publication, distribution, etc. 2004.
300 ## - PHYSICAL DESCRIPTION
Extent 26 unnumbered pages :
Other physical details color illustrations ;
Dimensions 21 cm
505 ## - FORMATTED CONTENTS NOTE
Formatted contents note J<br/>
520 ## - SUMMARY, ETC.
Summary, etc. "Hooray! It is a snow day! And what a perfect time to make a snowman. But Little Sister needs help putting on her boots, Dad needs a hand with shoveling, and Gator wants to build a fort. Will Little Critter ever get to build a snowman?"--Cover back.
521 8# - TARGET AUDIENCE NOTE
Target audience note 490<br/>
Source Lexile AD<br/><br/>
521 8# - TARGET AUDIENCE NOTE
Target audience note J<br/>
Source Raz-Plus
600 01 - SUBJECT ADDED ENTRY--PERSONAL NAME
Personal name Little Critter
Titles and other words associated with a name (Fictitious character)
Form subdivision Fiction.
650 #1 - SUBJECT ADDED ENTRY--TOPICAL TERM
Topical term or geographic name entry element Snowmen
Form subdivision Fiction.
906 ## - LOCAL DATA ELEMENT F, LDF (RLIN)
a 7
b cbc
c copycat
d 2
e epcn
f 20
g y-gencatlg
942 ## - ADDED ENTRY ELEMENTS (KOHA)
Source of classification or shelving scheme Dewey Decimal Classification
Koha item type Books
Suppress in OPAC No
Holdings
Withdrawn status Lost status Source of classification or shelving scheme Damaged status Not for loan Collection Home library Current library Shelving location Date acquired Total Checkouts Full call number Barcode Date last seen Date last checked out Price effective from Koha item type Copy number
    Dewey Decimal Classification     Juvenile Fiction Footprints International School Library Network Toul Kork Campus Footprints International School Library Network Toul Kork Campus TK Primary Library Room(4th Floor), Bookcase 1&2, Shelves 1-16, Dark Blue Books 12/08/2023 2 MAY 489 MLCS 2006/43160 FISTK00842 01/30/2025 08/06/2024 12/08/2023 Books  
    Dewey Decimal Classification     Juvenile Fiction Footprints International School Library Network Toul Tom Poung Campus Footprints International School Library Network Toul Tom Poung Campus TTP Primary Dark Blue Bookshelves 03/27/2025 2 MAY 489 MLCS 2006/43160 2025-0850 10/24/2025 10/17/2025 03/27/2025 Books 2